<?xml version="1.0" encoding="UTF-8"?>
<record
    xmlns:xsi="http://www.w3.org/2001/XMLSchema-instance"
    xsi:schemaLocation="http://www.loc.gov/MARC21/slim http://www.loc.gov/standards/marcxml/schema/MARC21slim.xsd"
    xmlns="http://www.loc.gov/MARC21/slim">

  <leader>01762nam a22003135i 4500</leader>
  <controlfield tag="001">163338</controlfield>
  <controlfield tag="003">ES-MaACL</controlfield>
  <controlfield tag="005">20250821063102.0</controlfield>
  <controlfield tag="008">960708s1897    sp aef       |||| | spa d</controlfield>
  <datafield tag="100" ind1="1" ind2=" ">
    <subfield code="a">Repull&#xE9;s y Vargas, Enrique Mar&#xED;a, </subfield>
    <subfield code="d">1845-1922</subfield>
    <subfield code="9">96277</subfield>
  </datafield>
  <datafield tag="245" ind1="1" ind2="0">
    <subfield code="a">Escuela de Ingenieros de Minas de Madrid y Laboratorio de G&#xF3;mez Pardo : </subfield>
    <subfield code="b">proyectos y direcci&#xF3;n del arquitecto del Ministerio de Fomento Excmo. Sr. D. Ricardo Vel&#xE1;zquez Bosco : monograf&#xED;a / </subfield>
    <subfield code="c">por Don Enrique Mar&#xED;a Repull&#xE9;s y Vargas.</subfield>
  </datafield>
  <datafield tag="260" ind1=" " ind2=" ">
    <subfield code="a">Madrid : </subfield>
    <subfield code="b">[s.n.], </subfield>
    <subfield code="c">1897 (</subfield>
    <subfield code="f">Imp. del Asilo de Hu&#xE9;rfanos)</subfield>
  </datafield>
  <datafield tag="300" ind1=" " ind2=" ">
    <subfield code="a">34 p., [7] h. de l&#xE1;m., [3] h. de planos : </subfield>
    <subfield code="b">il. ; </subfield>
    <subfield code="c">32 cm.</subfield>
  </datafield>
  <datafield tag="490" ind1="1" ind2=" ">
    <subfield code="a">Biblioteca del "Resumen de arquitectura" / editada por Don Antero de Oteyza y Barinaga</subfield>
  </datafield>
  <datafield tag="530" ind1=" " ind2=" ">
    <subfield code="a">Disponible en formato digital.</subfield>
  </datafield>
  <datafield tag="597" ind1=" " ind2=" ">
    <subfield code="a">Antep.</subfield>
  </datafield>
  <datafield tag="597" ind1=" " ind2=" ">
    <subfield code="a">Letras capitales.</subfield>
  </datafield>
  <datafield tag="599" ind1=" " ind2=" ">
    <subfield code="a">L&#xE1;m.: fototipias de Hauser y Menet; Ilustraciones de Mario L&#xF3;pez [Felipe Mario L&#xF3;pez Blanco]</subfield>
  </datafield>
  <datafield tag="610" ind1="2" ind2="4">
    <subfield code="a">Escuela de Ingenieros de Minas (Madrid)-</subfield>
    <subfield code="x">Edificios.</subfield>
    <subfield code="9">147499</subfield>
  </datafield>
  <datafield tag="700" ind1="1" ind2=" ">
    <subfield code="a">Vel&#xE1;zquez Bosco, Ricardo,</subfield>
    <subfield code="d">1843-1923</subfield>
    <subfield code="9">113808</subfield>
  </datafield>
  <datafield tag="700" ind1="1" ind2=" ">
    <subfield code="a">L&#xF3;pez Blanco, Felipe Mario.</subfield>
    <subfield code="9">172736</subfield>
  </datafield>
  <datafield tag="700" ind1="1" ind2=" ">
    <subfield code="a">Oteyza y Barinaga, Antero de.</subfield>
    <subfield code="9">130741</subfield>
  </datafield>
  <datafield tag="710" ind1="2" ind2=" ">
    <subfield code="a">Hauser y Menet (Madrid)</subfield>
    <subfield code="9">4558</subfield>
  </datafield>
  <datafield tag="830" ind1="1" ind2=" ">
    <subfield code="a">Biblioteca del "Resumen de arquitectura" / editada por Don Antero de Oteyza y Barinaga</subfield>
    <subfield code="9">188427</subfield>
  </datafield>
  <datafield tag="852" ind1="4" ind2=" ">
    <subfield code="a">ES-MaACL</subfield>
    <subfield code="j">B-11447     </subfield>
    <subfield code="z">- Enc. tela verde, con hierros dorados</subfield>
  </datafield>
  <datafield tag="856" ind1="4" ind2=" ">
    <subfield code="u">http://bdh-rd.bne.es/viewer.vm?id=0000073288&amp;page=1 </subfield>
    <subfield code="z">Biblioteca Digital Hisp&#xE1;nica</subfield>
  </datafield>
  <datafield tag="856" ind1="4" ind2=" ">
    <subfield code="u">https://bibliotecavirtualmadrid.comunidad.madrid/bvmadrid_publicacion/es/consulta/registro.do?id=250</subfield>
    <subfield code="z">Biblioteca Digital de la Comunidad de Madrid</subfield>
  </datafield>
  <datafield tag="999" ind1=" " ind2=" ">
    <subfield code="c">163338</subfield>
    <subfield code="d">163338</subfield>
  </datafield>
  <datafield tag="952" ind1=" " ind2=" ">
    <subfield code="0">0</subfield>
    <subfield code="1">0</subfield>
    <subfield code="4">0</subfield>
    <subfield code="7">0</subfield>
    <subfield code="8">Colecci&#xF3;n_digital</subfield>
    <subfield code="a">ATENEOM</subfield>
    <subfield code="b">ATENEOM</subfield>
    <subfield code="c">SPB</subfield>
    <subfield code="d">2008-01-17</subfield>
    <subfield code="e">SSC</subfield>
    <subfield code="l">0</subfield>
    <subfield code="o">B-11447</subfield>
    <subfield code="p">1171163</subfield>
    <subfield code="r">2023-02-23 00:00:00</subfield>
    <subfield code="w">2023-02-23</subfield>
    <subfield code="y">MONANT</subfield>
  </datafield>
</record>
